000
00321nam a2200109Ia 4500
008
200302s9999 xx 000 0 und d
100
_a
Fiona Gruber (Ed.)
245
_a
The Master Architect Series V- LS3P Associates Ltd (Selected & Current Works)
260
_b
Images Publishing, Austraila
260
_c
2002
300
_a
256
999
_c
4523
_d
4523